Language Quiz

Random Language or Spanish Quiz

English-Spanish Matchup! Colours Quiz Stats

Quiz not verified by Sporcle

Challenge
Share
Tweet
Embed
Score 0/11 Timer 05:00
0 Plays Today
Answer % Correct
Rojo
93.5%
Verde
93.5%
Blanco
87.1%
Rosado
87.1%
Gris
87.1%
Azul
87.1%
Negro
83.9%
Anaranjado
83.9%
Amarillo
83.9%
Marron
77.4%
Morado
67.7%

You're not logged in!

Compare scores with friends on all Sporcle quizzes.
Sign Up with Email
OR
Log In

You Might Also Like...

Show Comments

Extras

Top Quizzes Today


Score Distribution

Your Account Isn't Verified!

In order to create a playlist on Sporcle, you need to verify the email address you used during registration. Go to your Sporcle Settings to finish the process.